00678nam a2200181Ia 4500008004100000020001700041050002300058082001900081100003400100245010100134250001200235260002300247300002000270504005200290650003700342952010000379999001700479121101s9999 xx 000 0 und d a970737-026-2 aHF5693 E7 E57 2007 a650.01 E5 2007 aEnriquez Montiel, Ma. Teresa. aCálculos financieros II / Ma. Teresa Enriquez Montiel, Manuel Alejandro Almazán Hernández. a3a. ed. aMéxico : Éxodo a158 p. ; 24 cm. aIncluye referencias bibliográficas (p. 159 ). a1. Matemáticas financieras.Ì 00104070a12b12d2009-07-17l0oHF5693 E7 E57 2007p12 001548r2015-04-22t1w2012-11-01yLB c88561d88561